00222nam a22000977a 4500082001400000100001600014245004100030260003600071300000800107650000900115 a543.1 RAM aRamasamy M. aTreatise and Manual of Food Analysis aSri lankabPrint Graphicsc1995 a182 aFood